000 01230nam a2200325 a 4500
001 000109060
003 CHAP
005 20220329144035.0
008 140401s2013 mx sm |||||||spa d
010 _a105522
011 _a106494
040 _cCHAP
090 _aTesis
100 1 _aSánchez Hérnandez, Víctor
_9126167
245 1 0 _aCaracterización morfológica de una población silvestre de Dahlia sherffii Sorensen en el estado de Chihuahua
_h[En línea]
_cpor Víctor Sánchez Hérnandez.
260 _aChapingo, Méx. :
_bEl autor,
_c2013.
500 _aPara ver el contenido del material haga clic en la liga
502 _aTesis (Ing. Agr. Esp. en Zonas Tropicales) -- UACH. Unidad Regional Universitaria Sursureste
590 _aBATCH-UPD
_b05
_c20141002
_lUCH01
_h0859
590 _aE6096MTM
_b05
_c20140401
_lUCH01
_h1030
590 _aE6096MTM
_b05
_c20140401
_lUCH01
_h1032
650 1 4 _aBotánica
_xChihuahua.
_914513
650 1 4 _aConservación de la vida silvestre.
_9125016
650 1 4 _aMorfología vegetal.
_978772
650 1 4 _aPlantas silvestres
_xGermoplasma.
_989084
856 _aFinding aid
_uhttp://10.13.5.2/tesis/sist109060.pdf
_zTeclea aquí
901 _aBK
942 _cTESIS
942 _n0
999 _c105522
_d105522